| 000 | 00904nam a2200277Ia 4500 | ||
|---|---|---|---|
| 003 | IN-BaIIA | ||
| 008 | 211028s9999 xx s 000 0 eng d | ||
| 020 | _a978-3-540-46614-7 (Online) | ||
| 020 | _a978-3-540-66937-1 (Print) | ||
| 022 | _a0075-8450 (Print) | ||
| 022 | _a1616-6361 (Online) | ||
| 040 | _cIIA Library | ||
| 100 |
_aMoreno, Fernando, ed. _939975 |
||
| 245 | 0 |
_aLight Scattering from Microstructures _h[eBook] |
|
| 260 |
_aHeidelberg, Berlin _bSpringer Berlin Heidelberg _c2000 |
||
| 300 | _aOnline resource | ||
| 490 | _aLecture Notes in Physics | ||
| 650 |
_a Nanotechnology _919235 |
||
| 650 |
_a Physics, general _91580 |
||
| 650 | _a Solid State Physics | ||
| 650 | _a Spectroscopy and Microscopy | ||
| 650 | _aMaterials Science | ||
| 700 |
_aGonzales, Francisco, ed. _939976 |
||
| 856 |
_uhttp://doi.org/10.1007/3-540-46614-2 _yClick Here to Access eBook |
||
| 942 | _cEB | ||
| 999 |
_c21617 _d21617 |
||